Multiregional demographic projections in practice: A metropolitan example.
Skúmanie opcií pre miestne a regionálne projekcie, ktoré odrážajú vzájomnú demografickú previazanosť s pracovnými miestami a bývaním v tomto územnom rozsahu a nemožnosť použitia tradičných demografických metód. Tradičné projekcie sú rozšírené o regionálne vedecké a stochastické modelovanie.
Enregistré dans:
| Auteur principal: | |
|---|---|
| Format: | Chapitre de livre |
| Langue: | anglais |
| Sujets: | |
| Tags: |
Pas de tags, Soyez le premier à ajouter un tag!
|
MARC
| LEADER | 00000naa a2200000 4500 | ||
|---|---|---|---|
| 001 | r011384 | ||
| 005 | 20221213085220.9 | ||
| 041 | 0 | |a eng | |
| 044 | |a GB | ||
| 245 | 1 | 0 | |a Multiregional demographic projections in practice: A metropolitan example. |c P. Congdon |
| 520 | |a Skúmanie opcií pre miestne a regionálne projekcie, ktoré odrážajú vzájomnú demografickú previazanosť s pracovnými miestami a bývaním v tomto územnom rozsahu a nemožnosť použitia tradičných demografických metód. Tradičné projekcie sú rozšírené o regionálne vedecké a stochastické modelovanie. | ||
| 610 | 2 | 0 | |a regióny |
| 610 | 2 | 0 | |a demografia |
| 610 | 2 | 0 | |a mestá |
| 610 | 2 | 0 | |a modelovanie |
| 610 | 2 | 0 | |a modely matematické |
| 610 | 2 | 0 | |a obyvateľstvo |
| 610 | 2 | 0 | |a miesta pracovné |
| 610 | 2 | 0 | |a byty |
| 100 | 1 | |a Congdon, P. | |